[Event "Warren (Warmup"]
[Site "?"]
[Date "1994.??.??"]
[Round "?"]
[White "Walker, LeRoy"]
[Black "Ruhlmann, Max"]
[Result "1-0"]
[WhiteElo "1860"]
[BlackElo "1755"]
[PlyCount "39"]
[EventDate "1994.??.??"]

1. e4 c5 2. Nf3 d6 3. d4 cxd4 4. c3 dxc3 5. Nxc3 Nc6 6. Bc4 e6 7. O-O Be7 8.
Qe2 Nf6 9. Rd1 O-O 10. e5 Ne8 11. exd6 Bxd6 12. Bf4 Qc7 13. Nb5 Qb8 14. Nxd6 e5
15. Bxe5 Nxe5 16. Qxe5 Bg4 17. Nxf7 Bxf3 18. Ng5+ Kh8 19. Qxb8 Rxb8 20. Nxf3
1-0

[Event "Detroit (MCO/A/5/7)"]
[Site "?"]
[Date "1994.??.??"]
[Round "?"]
[White "Walker, LeRoy"]
[Black "Ramas, C."]
[Result "1-0"]
[WhiteElo "1860"]
[BlackElo "1950"]
[PlyCount "25"]
[EventDate "1994.??.??"]

{5/(7)} 1. e4 e5 2. Nf3 d6 3. d4 Nd7 4. Bc4 Be7 5. dxe5 Nxe5 6. Nxe5 dxe5 7.
Qh5 g6 8. Qxe5 Nf6 9. Bg5 O-O 10. Nd2 Re8 11. Qf4 c5 12. O-O-O Qb6 13. e5 1-0

[Event "Eastpointe (EDO/1b/12)"]
[Site "?"]
[Date "1994.??.??"]
[Round "?"]
[White "Walker, LeRoy"]
[Black "Prince, S."]
[Result "1-0"]
[WhiteElo "1820"]
[BlackElo "1605"]
[PlyCount "57"]
[EventDate "1994.??.??"]

1. e4 c5 2. Nf3 d6 3. d4 cxd4 4. c3 dxc3 5. Nxc3 Nc6 6. Bc4 Nf6 7. e5 dxe5 8.
Qxd8+ Nxd8 9. Nb5 Nc6 10. Nc7+ Kd8 11. Nxa8 e6 12. Ng5 Rg8 13. Nxf7+ Ke7 14.
Ng5 Nd4 15. O-O h6 16. Nh3 g5 17. Kh1 Bg7 18. b3 b6 19. Nc7 Bb7 20. Ba3+ Kd7
21. Nb5 g4 22. Ng1 Nf3 23. Rfd1+ Nd5 24. gxf3 gxf3 25. Nxf3 a6 26. Nc3 Kc8 27.
Nxd5 exd5 28. Bxd5 Bxd5 29. Rxd5 1-0

[Event "Romulus (RVO/3/6)"]
[Site "?"]
[Date "1994.??.??"]
[Round "?"]
[White "Walker, LeRoy"]
[Black "Perry, R."]
[Result "0-1"]
[WhiteElo "1860"]
[BlackElo "2110"]
[PlyCount "70"]
[EventDate "1994.??.??"]

{3/(6)} 1. e4 c5 2. Nf3 d6 3. d4 cxd4 4. c3 Nf6 5. e5 dxe5 6. Nxe5 e6 7. Bg5
Be7 8. cxd4 O-O 9. Nc3 Qb6 10. Nc4 Qd8 11. Bd3 Nc6 12. Ne2 h6 13. Be3 Nb4 14.
Bb1 Qd5 15. Qc1 b6 16. a3 Ba6 17. b3 Nc6 18. Nf4 Qd8 19. O-O Nxd4 20. Rd1 Nxb3
21. Rxd8 Nxc1 22. Rxa8 Rxa8 23. Nxb6 Rd8 24. Bc2 e5 25. Bxc1 axb6 26. Nh3 Bc8
27. Be3 Bxh3 28. gxh3 Ra8 29. Bxb6 Rxa3 30. Rb1 Nd5 31. Bd8 Bxd8 32. Rb8 Ra1+
33. Kg2 Nf4+ 34. Kf3 Ne6 35. Bg6 fxg6 0-1

[Event "Detroit (WCO/5/3)"]
[Site "?"]
[Date "1994.??.??"]
[Round "?"]
[White "Walker, LeRoy"]
[Black "Moody, David"]
[Result "0-1"]
[WhiteElo "1815"]
[BlackElo "2045"]
[PlyCount "66"]
[EventDate "1994.??.??"]

{5/(3)} 1. e4 e5 2. Nf3 Nc6 3. Bb5 a6 4. Bxc6 dxc6 5. d4 exd4 6. Qxd4 Qxd4 7.
Nxd4 Bd7 8. Be3 O-O-O 9. Nd2 Bd6 10. O-O-O Nf6 11. f3 h6 12. Ne2 Rhe8 13. Nc4
Bf8 14. Nc3 Be6 15. Rxd8+ Rxd8 16. Ne5 Bd6 17. Nd3 Nd7 18. f4 Nb6 19. f5 Bc4
20. Nf4 Be5 21. Nfe2 Bxe2 22. Bxb6 Bxc3 23. bxc3 cxb6 24. Re1 Bc4 25. a3 Re8
26. g4 f6 27. Kd2 Re5 28. Ke3 Kc7 29. h4 Kd6 30. Kf4 Bd5 31. Re3 Bc4 32. g5
hxg5+ 33. hxg5 Bd5 0-1

[Event "Detroit (Class B/4/1)"]
[Site "?"]
[Date "1994.??.??"]
[Round "?"]
[White "Walker, LeRoy"]
[Black "McGrath, Michael"]
[Result "0-1"]
[WhiteElo "1750"]
[BlackElo "1690"]
[PlyCount "138"]
[EventDate "1994.??.??"]

{4/(1)} 1. e4 d6 2. d4 Nf6 3. Nc3 g6 4. Bc4 Bg7 5. Qe2 c6 6. e5 dxe5 7. dxe5
Ng4 8. e6 f5 9. Bd2 Qb6 10. h3 Nf6 11. Na4 Qc7 12. Nc3 b5 13. Bb3 a5 14. a3 Ba6
15. Qf3 Bb7 16. Bf4 Qb6 17. Qe2 Na6 18. O-O-O b4 19. Na4 Qb5 20. axb4 Qxe2 21.
Nxe2 axb4 22. Nb6 Ra7 23. Nd7 Ne4 24. Kb1 Nxf2 25. Be5 Bxe5 26. Nxe5 Nxh1 27.
Nf7 Kf8 28. Rd8+ Kg7 29. Rxh8 Ra8 30. Rxa8 Bxa8 31. Ne5 Nf2 32. Ba4 c5 33. Bc6
Bxc6 34. Nxc6 Kf6 35. Nf4 Nc7 36. h4 h6 37. Nb8 Ne4 38. Nd7+ Kg7 39. Kc1 g5 40.
hxg5 hxg5 41. Nd3 Nxe6 42. Kd1 Kh6 43. N7e5 Nf4 44. Nxf4 gxf4 45. Ke2 Kg5 46.
Kf3 e6 47. Nd3 Nd2+ 48. Ke2 Nc4 49. b3 Na3 50. Kf3 Nxc2 51. Nxf4 Nd4+ 52. Ke3
e5 53. Nd3 Nxb3 54. Nxe5 f4+ 55. Kd3 Na5 56. Nd7 c4+ 57. Kc2 Kg4 58. Nc5 Kg3
59. Ne6 Nc6 60. Kd2 Ne7 61. Kc2 Nd5 62. Nc5 Kxg2 63. Ne4 f3 64. Kb2 f2 65. Nxf2
Kxf2 66. Kc2 Ke2 67. Kb2 Kd2 68. Kb1 c3 69. Ka1 c2 0-1

[Event "Eastpointe (MI Action/5/7)"]
[Site "?"]
[Date "1994.??.??"]
[Round "?"]
[White "Walker, LeRoy"]
[Black "Mailing, Ian"]
[Result "0-1"]
[WhiteElo "1875"]
[BlackElo "2075"]
[PlyCount "74"]
[EventDate "1994.??.??"]

{5/(7)} 1. e4 c6 2. d4 d5 3. e5 Bf5 4. Nc3 e6 5. g4 Bg6 6. Nge2 c5 7. h4 h5 8.
Nf4 cxd4 9. Nxg6 fxg6 10. Qxd4 Nc6 11. Bb5 Qe7 12. Bxc6+ bxc6 13. Be3 Rb8 14.
a3 c5 15. Qa4+ Qd7 16. Qxd7+ Kxd7 17. O-O-O hxg4 18. Ne4 Kc6 19. Ng5 Re8 20.
Rdg1 Nh6 21. h5 Nf5 22. hxg6 Rxh1 23. Rxh1 Nxe3 24. fxe3 c4 25. Kd2 Bc5 26. Nf7
Rb8 27. Rg1 Rxb2 28. Rxg4 Ra2 29. Rh4 Rxa3 30. Rh7 Rxe3 31. Rxg7 d4 32. Nd8+
Kd5 33. Rb7 Bb6 34. g7 Ba5+ 35. Kc1 Re1+ 36. Kb2 Bc3+ 37. Ka3 Ra1# 0-1

[Event "Detroit (MI Op/1b/4)"]
[Site "?"]
[Date "1994.??.??"]
[Round "?"]
[White "Walker, LeRoy"]
[Black "Hankinson, Chris"]
[Result "0-1"]
[WhiteElo "1880"]
[BlackElo "2145"]
[PlyCount "110"]
[EventDate "1994.??.??"]

1. e4 Nf6 2. e5 Nd5 3. c4 Nb6 4. c5 Nd5 5. Bc4 e6 6. Nc3 Nxc3 7. dxc3 Bxc5 8.
Qg4 Kf8 9. Bg5 Be7 10. h4 h6 11. Bf4 d5 12. O-O-O Qe8 13. Bd3 Qa4 14. Kb1 c5
15. Bc2 Qc6 16. h5 b5 17. Rh3 Kg8 18. Nf3 a5 19. Rg3 Bf8 20. Nh4 Bd7 21. Qf3
Be7 22. Qg4 Bf8 23. Rdd3 Be8 24. Qf3 Be7 25. Rxg7+ Kxg7 26. Qg4+ Kf8 27. Rg3
Bxh4 28. Qxh4 Nd7 29. Qg4 Ke7 30. Qg7 Rf8 31. Bxh6 Kd8 32. Qg5+ Kc7 33. Bxf8 f6
34. Qg7 Bxh5 35. Bd6+ Kb6 36. Rh3 Be8 37. Rh7 b4 38. c4 dxc4 39. f3 Qd5 40. Rh1
Nxe5 41. Qc7+ Kb5 42. Bxe5 f5 43. Rd1 Qc6 44. Qe7 Qc8 45. Rd6 Ra6 46. Qxe6 Qxe6
47. Rxe6 Rxe6 48. f4 Bg6 49. b3 c3 50. Bd3+ Kc6 51. Bc4 Re7 52. a3 Rh7 53. Be2
Bh5 54. Bd3 Bg4 55. axb4 axb4 0-1

[Event "Detroit (MI Op/5/35)"]
[Site "?"]
[Date "1994.??.??"]
[Round "?"]
[White "Walker, LeRoy"]
[Black "Grams, Paul"]
[Result "1-0"]
[WhiteElo "1880"]
[BlackElo "1800"]
[PlyCount "55"]
[EventDate "1994.??.??"]

{5/(35)} 1. e4 c5 2. Nf3 Nc6 3. d4 cxd4 4. c3 dxc3 5. Nxc3 d6 6. Bc4 e6 7. O-O
Be7 8. Qe2 Nf6 9. Rd1 Bd7 10. a3 O-O 11. b4 Rc8 12. Bb2 a6 13. Rac1 Ng4 14. Ba2
b5 15. Nb1 Qb6 16. h3 Nge5 17. Nxe5 Nxe5 18. Rxc8 Bxc8 19. Kh1 Ng6 20. Nd2 Bb7
21. Bb1 d5 22. e5 f6 23. Nf3 fxe5 24. Bxe5 Nxe5 25. Nxe5 Qxf2 26. Qh5 Qh4 27.
Bxh7+ Kh8 28. Ng6# 1-0

[Event "Romulus (RVO/1/18)"]
[Site "?"]
[Date "1994.??.??"]
[Round "?"]
[White "Walker, LeRoy"]
[Black "Gatesy, Matthew"]
[Result "1-0"]
[WhiteElo "1860"]
[BlackElo "1605"]
[PlyCount "49"]
[EventDate "1994.??.??"]

{1/(18)} 1. e4 e5 2. Nf3 Nc6 3. d4 exd4 4. Bc4 Bb4+ 5. c3 Ba5 6. O-O d6 7. cxd4
Bg4 8. Qb3 Nf6 9. Bxf7+ Kd7 10. d5 Nb4 11. Qa4+ c6 12. dxc6+ bxc6 13. a3 Nd3
14. Nd4 Rc8 15. h3 Bxh3 16. gxh3 Nxe4 17. Be6+ Ke8 18. Nxc6 Qf6 19. Qxe4 Nxc1
20. Bxc8+ Kf7 21. Qc4+ Ke8 22. Nxa5 Qg6+ 23. Bg4 Rf8 24. Re1+ Kd8 25. Qc8# 1-0

[Event "Detroit (MCO/A/2a/7)"]
[Site "?"]
[Date "1994.??.??"]
[Round "?"]
[White "Walker, LeRoy"]
[Black "Forte, Joe"]
[Result "1-0"]
[WhiteElo "1860"]
[BlackElo "1955"]
[PlyCount "87"]
[EventDate "1994.??.??"]

1. e4 e6 2. d4 d5 3. e5 c5 4. c3 Nc6 5. Nf3 Bd7 6. Bd3 Qc7 7. a3 Nge7 8. O-O c4
9. Bc2 Na5 10. Nbd2 h5 11. Ng5 f6 12. exf6 gxf6 13. Nh7 O-O-O 14. Nxf6 h4 15.
Nxd7 Qxd7 16. Nf3 Nac6 17. Re1 Re8 18. Qe2 Nd8 19. Ne5 Qc7 20. Nf7 Bg7 21. Nxd8
Qxd8 22. Qxe6+ Qd7 23. Qxd7+ Kxd7 24. Bg5 Nc6 25. Kf1 Ref8 26. Ba4 Bf6 27.
Bxc6+ bxc6 28. Bxf6 Rxf6 29. Re2 Rhf8 30. g3 R8f7 31. Kg2 h3+ 32. Kxh3 Rxf2 33.
Rxf2 Rxf2 34. Rb1 Rc2 35. g4 Ke6 36. Kg3 Kf6 37. Rf1+ Kg6 38. Rf2 Rc1 39. h4
Rb1 40. Kf4 Kg7 41. Kg5 Re1 42. h5 Rh1 43. Re2 Kf7 44. Kh6 1-0

[Event "Detroit (WCO/1/10)"]
[Site "?"]
[Date "1994.??.??"]
[Round "?"]
[White "Walker, LeRoy"]
[Black "DeVoll, J."]
[Result "1-0"]
[WhiteElo "1815"]
[BlackElo "1605"]
[PlyCount "53"]
[EventDate "1994.??.??"]

{1/(10)} 1. e4 e5 2. Nf3 Nf6 3. d4 d5 4. Nxe5 Nxe4 5. Bd3 Nd6 6. O-O Be7 7. Qh5
h6 8. Nc3 Be6 9. Re1 O-O 10. Ng6 Re8 11. Nf4 Bf6 12. Nxe6 fxe6 13. Qg4 Nf5 14.
Be3 Nxe3 15. Rxe3 Nc6 16. Rh3 Kf8 17. Bg6 Nxd4 18. Bxe8 Qxe8 19. Re1 Qc6 20.
Qg6 Qe8 21. Qd3 c6 22. Na4 Rb8 23. c3 Nb5 24. Nc5 e5 25. Qf5 Ke7 26. Rhe3 Kd6
27. Nd3 1-0

[Event "Eastpointe (EDO/4/6)"]
[Site "?"]
[Date "1994.??.??"]
[Round "?"]
[White "Walker, LeRoy"]
[Black "Dangremond, Leonard"]
[Result "0-1"]
[WhiteElo "1820"]
[BlackElo "2070"]
[PlyCount "88"]
[EventDate "1994.??.??"]

{4/(6)} 1. e4 e5 2. Nf3 Nc6 3. Bb5 a6 4. Bxc6 dxc6 5. d4 exd4 6. Qxd4 Bg4 7.
Qe5+ Qe7 8. Qxe7+ Bxe7 9. Ne5 Be6 10. Be3 Nf6 11. f3 O-O-O 12. Nd2 Nd7 13. Nd3
Bf6 14. O-O-O Nb6 15. b3 Nd7 16. f4 Rhe8 17. Nf2 Be7 18. Bd4 f6 19. g4 c5 20.
Bb2 Bd6 21. f5 Bf7 22. c4 Ne5 23. h4 Nc6 24. Nd3 Nb4 25. Nxb4 cxb4 26. Kc2 Bf4
27. g5 Bh5 28. gxf6 Bxd1+ 29. Rxd1 gxf6 30. Bxf6 Rxd2+ 31. Rxd2 Bxd2 32. Kxd2
Rxe4 33. Bg5 Kd7 34. Kd3 Re8 35. Kd4 b6 36. f6 Ke6 37. Ke4 Rf8 38. Bf4 c6 39.
Be5 Rxf6 40. Bxf6 Kxf6 41. Kf4 b5 42. cxb5 axb5 43. Ke4 Ke6 44. h5 c5 0-1

[Event "Detroit (Class B/2/3)"]
[Site "?"]
[Date "1994.??.??"]
[Round "?"]
[White "Walker, LeRoy"]
[Black "Collins, Charles"]
[Result "1-0"]
[WhiteElo "1750"]
[BlackElo "1700"]
[PlyCount "63"]
[EventDate "1994.??.??"]

{2/(3)} 1. e4 Nf6 2. e5 Nd5 3. c4 Nb6 4. c5 Nd5 5. Bc4 c6 6. Nc3 Nxc3 7. dxc3
d5 8. Bd3 e6 9. b4 Be7 10. Be3 Nd7 11. Nf3 f6 12. Bd4 b6 13. cxb6 axb6 14. Qe2
f5 15. h4 c5 16. Be3 cxb4 17. cxb4 Bxb4+ 18. Kf1 Be7 19. Rc1 Nc5 20. Bb5+ Kf8
21. Nd4 Bd7 22. Kg1 Bxb5 23. Qxb5 Ra5 24. Qb2 Kf7 25. Nc6 Nd3 26. Qd2 Nxc1 27.
Nxd8+ Bxd8 28. Qxc1 Rxa2 29. g3 b5 30. Qb1 Ra5 31. Kg2 Bc7 32. Bd2 1-0

[Event "Eastpointe (US Am N/4/16)"]
[Site "?"]
[Date "1994.??.??"]
[Round "?"]
[White "Walker, LeRoy"]
[Black "Choyke, J."]
[Result "1-0"]
[WhiteElo "1810"]
[BlackElo "1625"]
[PlyCount "41"]
[EventDate "1994.??.??"]

{4/(16)} 1. e4 Nc6 2. d4 d5 3. e5 e6 4. Nf3 Bd7 5. a3 a5 6. Bd3 f6 7. Qe2 Qe7
8. O-O Qf7 9. Nc3 O-O-O 10. Be3 Be7 11. Rfb1 h6 12. b4 b6 13. Na4 axb4 14. axb4
Bxb4 15. Bg6 Qxg6 16. Qa6+ Kb8 17. Nc5 Na5 18. Rxa5 Bc6 19. Qa7+ Kc8 20. Qa8+
Bxa8 21. Rxa8# 1-0

[Event "Romulus (RVO/5/9)"]
[Site "?"]
[Date "1994.??.??"]
[Round "?"]
[White "Walker, LeRoy"]
[Black "Brattin, Vincent"]
[Result "1-0"]
[WhiteElo "1860"]
[BlackElo "1945"]
[PlyCount "59"]
[EventDate "1994.??.??"]

{5/(9)} 1. e4 c6 2. d4 d5 3. e5 Bf5 4. Nc3 e6 5. g4 Bg6 6. Nge2 h6 7. Nf4 Bh7
8. Bd3 Bxd3 9. Nxd3 Be7 10. Bf4 Nd7 11. Be3 b6 12. b4 Bg5 13. f4 Bh4+ 14. Kd2
Ne7 15. Qf3 Ng6 16. f5 Ngf8 17. Raf1 Qe7 18. a4 Bg5 19. h4 Bxe3+ 20. Qxe3 O-O-O
21. Qf3 Nh7 22. fxe6 Qxe6 23. Qxf7 Qxg4 24. e6 Ndf6 25. Qxa7 Qxd4 26. Rf4 Ne4+
27. Nxe4 dxe4 28. Rf7 Qxb4+ 29. Kc1 Qa3+ 30. Kb1 1-0

[Event "Eastpointe (US Am N/4/14)"]
[Site "?"]
[Date "1994.??.??"]
[Round "?"]
[White "Walker, Douglas"]
[Black "Vega, D."]
[Result "1-0"]
[WhiteElo "1900"]
[BlackElo "1650"]
[PlyCount "67"]
[EventDate "1994.??.??"]

{4/(14)} 1. e4 c5 2. Nf3 Nc6 3. d4 cxd4 4. Nxd4 Nf6 5. Nc3 e5 6. Ndb5 d6 7. Bg5
a6 8. Na3 b5 9. Bxf6 gxf6 10. Nd5 Be6 11. c3 f5 12. exf5 Bxf5 13. Qf3 Bd7 14.
Nf6+ Ke7 15. Bd3 Bg7 16. Nxd7 Qxd7 17. Bf5 Qc7 18. Be4 Rac8 19. Bd5 Nd8 20. O-O
Qd7 21. Rae1 f5 22. Nc2 Kf6 23. Qh5 Qe8 24. Qh4+ Kg6 25. g4 h5 26. gxf5+ Kh6
27. Ne3 Rf8 28. Kh1 Rc4 29. Bxc4 bxc4 30. Rg1 Qc6+ 31. Rg2 Kh7 32. Qxh5+ Kg8
33. Ng4 Nf7 34. Nf6# 1-0

[Event "Detroit (MI Op/4/33)"]
[Site "?"]
[Date "1994.??.??"]
[Round "?"]
[White "Walker, Douglas"]
[Black "Vandivier, Don"]
[Result "0-1"]
[WhiteElo "1875"]
[BlackElo "1985"]
[PlyCount "64"]
[EventDate "1994.??.??"]

{4/(33)} 1. e4 c5 2. Nf3 a6 3. d4 cxd4 4. Nxd4 d6 5. Nc3 Nf6 6. Bg5 e6 7. f4
Qc7 8. Bd3 Be7 9. Qf3 Nbd7 10. O-O-O b5 11. f5 e5 12. Nb3 b4 13. Nd5 Nxd5 14.
Bxe7 Nxe7 15. g4 a5 16. g5 a4 17. Nd2 b3 18. a3 Ba6 19. Kb1 Bxd3 20. Qxd3 Qxc2+
21. Qxc2 bxc2+ 22. Kxc2 O-O 23. Rdg1 Rfc8+ 24. Kb1 Rab8 25. f6 Ng6 26. h4 Nf4
27. h5 Nd3 28. b4 axb3 29. fxg7 b2 30. g6 Rc1+ 31. Ka2 b1=Q+ 32. Nxb1 Rb2+ 0-1

[Event "Detroit (MI Op/7/28)"]
[Site "?"]
[Date "1994.??.??"]
[Round "?"]
[White "Walker, Douglas"]
[Black "Taylor, E."]
[Result "1-0"]
[WhiteElo "1875"]
[BlackElo "1920"]
[PlyCount "91"]
[EventDate "1994.??.??"]

{7/(28)} 1. e4 c5 2. Nf3 Nc6 3. d4 cxd4 4. Nxd4 Nf6 5. Nc3 e5 6. Ndb5 d6 7. Bg5
a6 8. Bxf6 gxf6 9. Na3 b5 10. Nd5 Bg7 11. c3 f5 12. Bd3 f4 13. Nc2 Be6 14. Qf3
Rb8 15. Ndb4 Nxb4 16. Nxb4 Qc8 17. Be2 a5 18. Nd5 b4 19. Rc1 Bxd5 20. exd5 Qd7
21. O-O O-O 22. b3 Rfe8 23. c4 a4 24. Bd1 axb3 25. axb3 Ra8 26. Bc2 Ra3 27. Rb1
Rea8 28. Qe4 h6 29. f3 Ra2 30. Kh1 Qa7 31. Rbd1 Kf8 32. g3 fxg3 33. hxg3 Qd7
34. g4 Qe7 35. Rd2 Rb2 36. Rdf2 Raa2 37. Kg2 Qa7 38. Kh3 Rxb3 39. Bxb3 Rxf2 40.
Rb1 Rd2 41. Rf1 Rd4 42. Qc2 Qe7 43. Ra1 f6 44. Qg6 Qb7 45. Ba4 Rxc4 46. Qe8#
1-0

[Event "Detroit (Class A/1/3)"]
[Site "?"]
[Date "1994.??.??"]
[Round "?"]
[White "Walker, Douglas"]
[Black "Taylor, E."]
[Result "0-1"]
[WhiteElo "1955"]
[BlackElo "1885"]
[PlyCount "97"]
[EventDate "1994.??.??"]

{1/(3)} 1. e4 c5 2. Nf3 Nc6 3. d4 cxd4 4. Nxd4 Nf6 5. Nc3 e5 6. Ndb5 d6 7. Bg5
a6 8. Bxf6 gxf6 9. Na3 b5 10. Nd5 Bg7 11. c3 O-O 12. Qf3 Be6 13. Bd3 Ne7 14.
Nxf6+ Bxf6 15. Qxf6 Ng6 16. Qxd8 Raxd8 17. g3 f5 18. O-O f4 19. Nc2 Bh3 20.
Rfe1 d5 21. Rad1 Bg4 22. Be2 Bxe2 23. Rxe2 dxe4 24. Rxd8 Rxd8 25. Ne1 f3 26.
Rc2 Rd1 27. Kf1 Ne7 28. c4 bxc4 29. Rxc4 Rd4 30. Rxd4 exd4 31. Nc2 Nc6 32. Ke1
Kf7 33. b4 d3 34. Ne3 Nxb4 35. Kd2 Nxa2 36. Nc4 Ke6 37. g4 Nb4 38. Ke3 Kd5 39.
Nb6+ Kd6 40. Nc4+ Kc5 41. Nd2 Kd5 42. Nxe4 a5 43. Nd2 a4 44. h4 a3 45. g5 a2
46. Nb3 Kc4 47. Nd2+ Kc3 48. Ne4+ Kc2 49. h5 $138 0-1

[Event "Detroit (MI Op/2/34)"]
[Site "?"]
[Date "1994.??.??"]
[Round "?"]
[White "Walker, Douglas"]
[Black "Smith, Mike A"]
[Result "1/2-1/2"]
[WhiteElo "1875"]
[BlackElo "1975"]
[PlyCount "44"]
[EventDate "1994.??.??"]

{2/(34)} 1. e4 c6 2. d4 d5 3. e5 Bf5 4. Nd2 e6 5. Ndf3 Nd7 6. Bd3 Bxd3 7. Qxd3
c5 8. c3 Ne7 9. Ne2 Nc6 10. O-O Be7 11. Ng3 g6 12. Bh6 Qc7 13. Rfe1 O-O-O 14.
a4 Kb8 15. Reb1 cxd4 16. cxd4 Nb6 17. Rc1 Qd7 18. b3 Nb4 19. Qd2 Rc8 20. Ne2
Rxc1+ 21. Rxc1 Rc8 22. Rxc8+ Nxc8 1/2-1/2

[Event "Eastpointe (US Am N/3/16)"]
[Site "?"]
[Date "1994.??.??"]
[Round "?"]
[White "Walker, Douglas"]
[Black "Skoda, Matt"]
[Result "1-0"]
[WhiteElo "1900"]
[BlackElo "1605"]
[PlyCount "91"]
[EventDate "1994.??.??"]

{3/(16)} 1. e4 e5 2. Nf3 Nf6 3. Nxe5 d6 4. Nf3 Nxe4 5. d4 d5 6. Bd3 Nc6 7. c3
Be7 8. O-O Bg4 9. Nbd2 f5 10. Qc2 O-O 11. Ne5 Nxe5 12. dxe5 Nxd2 13. Bxd2 Qd7
14. Rae1 Qe6 15. h3 Bh5 16. c4 c6 17. cxd5 cxd5 18. Be3 Bb4 19. Bd2 Bxd2 20.
Qxd2 f4 21. Qb4 b6 22. Ba6 f3 23. g4 Rf7 24. Kh2 Bg6 25. Re3 Be4 26. Rxe4 dxe4
27. Qxe4 Re8 28. Bc4 Qxe5+ 29. Qxe5 Rxe5 30. Rd1 Kf8 31. Bxf7 Kxf7 32. Rd7+ Re7
33. Rd3 Re2 34. Rd7+ Re7 35. Rxe7+ Kxe7 36. Kg3 Kd6 37. h4 g6 38. Kxf3 Ke5 39.
Ke3 h6 40. f4+ Kf6 41. Ke4 a5 42. a4 g5 43. hxg5+ hxg5 44. f5 Kf7 45. Kd5 Kf6
46. Kc6 1-0

[Event "Detroit (Class A/4/11)"]
[Site "?"]
[Date "1994.??.??"]
[Round "?"]
[White "Walker, Douglas"]
[Black "Rosenberg, Steve"]
[Result "1/2-1/2"]
[WhiteElo "1955"]
[BlackElo "1805"]
[PlyCount "138"]
[EventDate "1994.??.??"]

{4/(11)} 1. e4 Nf6 2. Nc3 e5 3. Nf3 d6 4. Bc4 Be7 5. O-O Be6 6. Bb3 Bxb3 7.
axb3 O-O 8. Re1 Nc6 9. d4 exd4 10. Nxd4 Nxd4 11. Qxd4 a6 12. h3 Nd7 13. Nd5 Bf6
14. Nxf6+ Qxf6 15. Qxf6 Nxf6 16. Bf4 Rfe8 17. f3 Re6 18. Rad1 Rae8 19. c4 h6
20. Kf2 Nd7 21. b4 Ne5 22. b3 Nc6 23. c5 Nxb4 24. cxd6 cxd6 25. Bxd6 Nc6 26.
Bc7 Rc8 27. Rd7 b5 28. Red1 Nb8 29. Bxb8 Rxb8 30. Ra7 Rc8 31. Rd2 Rec6 32. Ke3
Rc3+ 33. Rd3 Rxd3+ 34. Kxd3 Rc6 35. h4 h5 36. e5 Rg6 37. Ke4 Rxg2 38. Rxa6 Rb2
39. Kf5 Rxb3 40. f4 Rg3 41. Ra8+ Kh7 42. Rf8 b4 43. Rxf7 b3 44. Rb7 Kg8 45. Ke6
Rg4 46. f5 Rxh4 47. Rxb3 Rf4 48. Rb8+ Kh7 49. Rb7 Kh6 50. Rf7 Ra4 51. Kd6 Ra6+
52. Kc5 Ra5+ 53. Kd4 Ra4+ 54. Kc3 Re4 55. e6 Kg5 56. Kd3 Re1 57. Kd4 h4 58. Kd5
h3 59. Rxg7+ Kxf5 60. Rf7+ Kg4 61. Kd6 Rd1+ 62. Ke7 h2 63. Rh7 h1=Q 64. Rxh1
Rxh1 65. Kd7 Rd1+ 66. Ke8 Kf5 67. Kf7 Rd6 68. e7 Rd7 69. Kf8 Rxe7 1/2-1/2

[Event "Detroit (MI Op/6/34)"]
[Site "?"]
[Date "1994.??.??"]
[Round "?"]
[White "Walker, Douglas"]
[Black "Raupp, Kenneth L"]
[Result "1-0"]
[WhiteElo "1875"]
[BlackElo "1700"]
[PlyCount "73"]
[EventDate "1994.??.??"]

{6/(34)} 1. e4 e6 2. d4 d5 3. exd5 exd5 4. Bd3 Nc6 5. c3 Bd6 6. Ne2 Qh4 7. Ng3
Bg4 8. Qc2 Nge7 9. Nd2 O-O-O 10. Nf3 Bxf3 11. gxf3 Rhe8 12. Be3 g6 13. O-O-O
Qf6 14. Qd2 Qxf3 15. Be2 Qf6 16. Bg4+ Kb8 17. Bg5 Qg7 18. Rde1 f6 19. Bh6 Qh8
20. h4 Ng8 21. Rxe8 Rxe8 22. Bd7 Re7 23. Bxc6 Nxh6 24. Bxd5 Bxg3 25. fxg3 Ng4
26. Re1 Qe8 27. Rxe7 Qxe7 28. Bf3 f5 29. Qe2 Qxe2 30. Bxe2 Kc8 31. Bxg4 fxg4
32. Kd2 Kd7 33. Ke3 Ke6 34. Kf4 h5 35. Kg5 Kf7 36. d5 b5 37. b3 1-0

[Event "Detroit (WCO/4/3)"]
[Site "?"]
[Date "1994.??.??"]
[Round "?"]
[White "Walker, Douglas"]
[Black "Rahimzadeh, R."]
[Result "1-0"]
[WhiteElo "1900"]
[BlackElo "1605"]
[PlyCount "91"]
[EventDate "1994.??.??"]

{4/(3)} 1. e4 Nf6 2. e5 Nd5 3. c4 Nf4 4. d4 Ng6 5. Nf3 d6 6. exd6 cxd6 7. Be2
e5 8. Nc3 Nc6 9. O-O Nxd4 10. Nxd4 exd4 11. Qxd4 Qh4 12. Ne4 Be7 13. Nxd6+ Bxd6
14. Qxd6 Ne7 15. Qe5 O-O 16. Bg5 Ng6 17. Qd5 Nf4 18. Bxh4 Nxd5 19. cxd5 Re8 20.
Bb5 Re5 21. Rfe1 Rxe1+ 22. Rxe1 g6 23. d6 a6 24. d7 Bxd7 25. Bxd7 Kf8 26. Bf6
h5 27. Rc1 b6 28. Rc8+ Rxc8 29. Bxc8 a5 30. Bd7 g5 31. Kf1 Kg8 32. Bxg5 Kg7 33.
Bd8 Kg6 34. Bxb6 a4 35. Bxa4 f5 36. Bd8 h4 37. Be8+ Kh6 38. Bf6 f4 39. b4 f3
40. g3 hxg3 41. hxg3 Kh7 42. Bf7 Kh6 43. b5 Kh7 44. b6 Kh6 45. b7 Kh7 46. b8=Q
1-0

[Event "Detroit (WCO/2/5)"]
[Site "?"]
[Date "1994.??.??"]
[Round "?"]
[White "Walker, Douglas"]
[Black "McFolley, John"]
[Result "0-1"]
[WhiteElo "1900"]
[BlackElo "1605"]
[PlyCount "102"]
[EventDate "1994.??.??"]

{2/(5)} 1. e4 e5 2. Nf3 Nc6 3. d4 exd4 4. Nxd4 Nf6 5. Nxc6 bxc6 6. Nd2 Bc5 7.
Bd3 d5 8. h3 dxe4 9. Nxe4 Nxe4 10. Bxe4 Qxd1+ 11. Kxd1 Bb7 12. Re1 O-O 13. Be3
Rad8+ 14. Kc1 Bb6 15. b3 Rfe8 16. Bxb6 cxb6 17. Kb2 g6 18. Bf3 Kf8 19. Rxe8+
Rxe8 20. Rd1 Re7 21. Rd8+ Re8 22. Rd6 Ke7 23. Bxc6 Kxd6 24. Bxe8 Bxg2 25. h4 f6
26. c4 a6 27. h5 g5 28. Kc3 Ke7 29. Ba4 h6 30. Kd4 Bf3 31. b4 Bxh5 32. Bc6 Bd1
33. c5 bxc5+ 34. bxc5 h5 35. Be4 h4 36. Ke3 Ke6 37. c6 Kd6 38. a3 Ba4 39. Bf5
Bxc6 40. f4 Bd7 41. Bd3 g4 42. Kf2 a5 43. Kg1 Kd5 44. Kf2 Kd4 45. Bc2 Bc6 46.
Bf5 g3+ 47. Ke2 Bb5+ 48. Kf3 Bc6+ 49. Ke2 Kc3 50. Be6 Kb2 51. a4 Ka3 0-1

[Event "Detroit (MCO/A/7/6)"]
[Site "?"]
[Date "1994.??.??"]
[Round "?"]
[White "Walker, Douglas"]
[Black "Jendras, Gerard"]
[Result "0-1"]
[WhiteElo "1875"]
[BlackElo "1845"]
[PlyCount "128"]
[EventDate "1994.??.??"]

{7/(6)} 1. e4 e5 2. Nf3 Nc6 3. Bb5 Bc5 4. O-O Qf6 5. Nc3 Nge7 6. Na4 Bb6 7.
Nxb6 axb6 8. c3 O-O 9. d4 d6 10. Bg5 Qg6 11. d5 h6 12. Bh4 Qxe4 13. dxc6 Nxc6
14. Bxc6 bxc6 15. Bg3 Bg4 16. Nd2 Bxd1 17. Nxe4 Bc2 18. f3 f5 19. Nd2 f4 20.
Bf2 c5 21. c4 g5 22. Rfc1 Bf5 23. a4 Ra6 24. Rc3 Rfa8 25. Rca3 Bc2 26. b3 Kf7
27. Ne4 Ke6 28. Nc3 c6 29. Be1 h5 30. R1a2 Bg6 31. Rd2 h4 32. Ne4 Bxe4 33. fxe4
b5 34. cxb5 cxb5 35. a5 b4 36. Ra1 Rxa5 37. Rad1 R8a6 38. Kf1 Ra1 39. Ke2 Rxd1
40. Rxd1 Ra2+ 41. Rd2 Rxd2+ 42. Kxd2 d5 43. Kd3 Kd6 44. Bf2 Kc6 45. h3 Kd6 46.
Be1 Kc6 47. Bd2 Kd6 48. Bc1 Ke6 49. Bb2 Kd6 50. exd5 Kxd5 51. Ke2 Ke6 52. Kf3
Kf5 53. Ba1 e4+ 54. Ke2 g4 55. hxg4+ Kxg4 56. Be5 f3+ 57. gxf3+ exf3+ 58. Kf2
h3 59. Kg1 Kf5 60. Bd6 c4 61. bxc4 b3 62. Ba3 Ke4 63. Bb2 Kd3 64. c5 Ke2 0-1

[Event "Detroit (MCO/A/5/11)"]
[Site "?"]
[Date "1994.??.??"]
[Round "?"]
[White "Walker, Douglas"]
[Black "Grams, Paul"]
[Result "0-1"]
[WhiteElo "1875"]
[BlackElo "1830"]
[PlyCount "56"]
[EventDate "1994.??.??"]

{5/(11)} 1. d4 Nf6 2. Nf3 g6 3. c4 d5 4. Nc3 Bg7 5. cxd5 Nxd5 6. e4 Nxc3 7.
bxc3 O-O 8. Be2 Nd7 9. O-O c5 10. Be3 Qc7 11. Qd2 Nf6 12. Bd3 Rd8 13. h3 c4 14.
Bc2 b5 15. a4 Bb7 16. Ng5 a6 17. a5 h6 18. e5 Nd7 19. Ne4 Nxe5 20. Bxh6 Nc6 21.
Bxg7 Kxg7 22. Nc5 Nxd4 23. cxd4 Qxc5 24. Rfd1 Qd5 25. f3 e5 26. Be4 Qd7 27.
Bxb7 Qxb7 28. Qc3 Qa7 0-1